[Event "Wch U20 Girls Rapid"]
[Site "Tashkent"]
[Date "2024.08.02"]
[Round "1"]
[White "Omonova, Umida"]
[Black "Shubenkova, Veronika"]
[Result "0-1"]
[WhiteElo "2032"]
[BlackElo "2024"]
[PlyCount "114"]
[EventDate "2024.08.02"]
[EventType "swiss (rapid)"]
[EventRounds "9"]
[EventCountry "UZB"]
[SourceTitle "CBM 221 Extra"]
[Source "ChessBase"]
[SourceDate "2024.09.30"]
[SourceVersion "1"]
[SourceVersionDate "2024.09.30"]
[SourceQuality "1"]

1. e4 c6 2. d4 d5 3. Nd2 dxe4 4. Nxe4 Bf5 5. Ng3 Bg6 6. Nf3 Nd7 7. Bd3 Bxd3 8. Qxd3 e6 9. 0-0 Ngf6 10. Re1 Be7 11. c4 0-0 12. Bf4 Re8 13. Rad1 Nf8 14. Ne5 Ng6 15. Nxg6 hxg6 16. a3 Qd7 17. Be5 Ng4 18. Qc3 Rad8 19. Bf4 Nf6 20. b4 Bd6 21. Bg5 Be7 22. h3 Qc7 23. Rb1 Rd7 24. b5 cxb5 25. Rxb5 Rc8 26. Qb2 Rcd8 27. Be3 Qxc4 28. Rc1 Qa4 29. Rb3 b6 30. Ne2 Nd5 31. Bd2 Bf6 32. g4 Qa6 33. Ng3 Ne7 34. Be3 Bxd4 35. Bxd4 Rxd4 36. Rf3 Qb7 37. Rcc3 Nd5 38. Rb3 Nf4 39. h4 Nd3 40. Qxd4 Rxd4 41. Rfxd3 Rxg4 42. Rd8+ Kh7 43. Rbd3 Rxh4 44. R8d7 Qa6 45. Rf3 f5 46. Rc3 Rc4 47. Rcd3 Qa4 48. Re7 Rd4 49. Rc3 Qd1+ 50. Kg2 Rd7 51. Re8 g5 52. Nf1 Qd5+ 53. Kg1 f4 54. Nh2 Qb5 55. Ng4 Rd1+ 56. Kh2 Qxe8 57. Rh3+ Kg6 0-1

[Event "Kazan BRICS Games Blitz Team"]
[Site "Kazan"]
[Date "2024.06.21"]
[Round "1.15"]
[White "Haile, Lidet Abate"]
[Black "Omonova, Umida"]
[Result "0-1"]
[WhiteElo "1834"]
[BlackElo "2102"]
[PlyCount "26"]
[EventDate "2024.06.21"]
[EventType "team-swiss (blitz)"]
[EventRounds "11"]
[EventCountry "RUS"]
[SourceTitle "CBM 220 Extra"]
[Source "ChessBase"]
[SourceDate "2024.07.31"]
[SourceVersion "1"]
[SourceVersionDate "2024.07.31"]
[SourceQuality "1"]
[WhiteTeam "Ethiopia"]
[BlackTeam "Uzbekistan"]
[WhiteTeamCountry "ETH"]
[BlackTeamCountry "UZB"]

1. e4 c5 2. Nf3 e6 3. d4 cxd4 4. Nxd4 a6 5. Bc4 Qc7 6. Bb3 Nf6 7. Qe2 Qe5 8. Be3 Nxe4 9. 0-0 Nf6 10. Qc4 Nc6 11. Nxc6 bxc6 12. Nc3 Be7 13. Rfe1 Qc7 0-1

[Event "Kazan BRICS Games Blitz Team"]
[Site "Kazan"]
[Date "2024.06.21"]
[Round "9.11"]
[White "Omonova, Umida"]
[Black "Ahlam, Rashed"]
[Result "1-0"]
[WhiteElo "2102"]
[BlackElo "1926"]
[PlyCount "72"]
[EventDate "2024.06.21"]
[EventType "team-swiss (blitz)"]
[EventRounds "11"]
[EventCountry "RUS"]
[SourceTitle "CBM 220 Extra"]
[Source "ChessBase"]
[SourceDate "2024.07.31"]
[SourceVersion "1"]
[SourceVersionDate "2024.07.31"]
[SourceQuality "1"]
[WhiteTeam "Uzbekistan"]
[BlackTeam "United Arab Emirates"]
[WhiteTeamCountry "UZB"]
[BlackTeamCountry "UAE"]

1. e4 e5 2. Nf3 Nc6 3. Bc4 Bc5 4. 0-0 Nf6 5. d3 d6 6. a4 a6 7. Nbd2 0-0 8. h3 Be6 9. Re1 h6 10. Ba2 Bxa2 11. Rxa2 Ba7 12. Nc4 Ne7 13. Ra1 Ng6 14. Ne3 d5 15. exd5 Nxd5 16. Nxd5 Qxd5 17. Be3 Bxe3 18. Rxe3 Rfe8 19. Qe1 Rad8 20. Qc3 c5 21. Rae1 f6 22. Nd2 Nh4 23. Rg3 Nf5 24. Rg4 Nd4 25. Ne4 Qc6 26. Rg3 b6 27. Qc4+ Kh8 28. Qf7 Rg8 29. Qh5 Nxc2 30. Rc1 Nd4 31. b4 Qe6 32. bxc5 bxc5 33. Rxc5 Rb8 34. Kh2 Rb2 35. Rg6 Qf7 36. Nd6 Qd7 1-0

[Event "Kazan BRICS Games Blitz Team"]
[Site "Kazan"]
[Date "2024.06.21"]
[Round "5.7"]
[White "Omonova, Umida"]
[Black "Guo, Qi"]
[Result "1-0"]
[WhiteElo "2102"]
[BlackElo "2362"]
[PlyCount "143"]
[EventDate "2024.06.21"]
[EventType "team-swiss (blitz)"]
[EventRounds "11"]
[EventCountry "RUS"]
[SourceTitle "CBM 220 Extra"]
[Source "ChessBase"]
[SourceDate "2024.07.31"]
[SourceVersion "1"]
[SourceVersionDate "2024.07.31"]
[SourceQuality "1"]
[WhiteTeam "Uzbekistan"]
[BlackTeam "China"]
[WhiteTeamCountry "UZB"]
[BlackTeamCountry "CHN"]

1. e4 c6 2. d4 d5 3. Nd2 dxe4 4. Nxe4 Bf5 5. Ng3 Bg6 6. Nf3 Nd7 7. Bd3 Bxd3 8. Qxd3 Ngf6 9. 0-0 e6 10. Re1 Be7 11. c4 0-0 12. b3 Re8 13. Bb2 Qc7 14. Rad1 Rad8 15. h3 Bd6 16. Nf1 c5 17. d5 exd5 18. cxd5 h6 19. Ne3 a6 20. Nf5 b5 21. a4 bxa4 22. bxa4 c4 23. Qd4 Rxe1+ 24. Rxe1 Qb6 25. Nxd6 Qxd6 26. Qxc4 Qxd5 27. Qxa6 Ra8 28. Qb5 Rb8 29. Qxd5 Nxd5 30. Rd1 Rxb2 31. Rxd5 Nf6 32. Rd4 Ra2 33. Ne5 g5 34. Rb4 Nd5 35. Rb7 f5 36. Nf7 Kg7 37. Nxg5+ Kg6 38. Nf3 Rxa4 39. Rb5 Nf6 40. g3 Ne4 41. Nh4+ Kf6 42. Rxf5+ Ke6 43. Kg2 Ra2 44. Rf4 Ng5 45. Nf5 Nf7 46. h4 Rb2 47. Nd4+ Ke7 48. g4 Rb6 49. Kg3 Ra6 50. f3 Ra1 51. Nf5+ Ke6 52. Rb4 Ne5 53. Rb6+ Kd5 54. Rd6+ Kc5 55. Rd2 Ra3 56. Rf2 h5 57. gxh5 Kd5 58. h6 Ke6 59. h7 Ra8 60. Nd4+ Kf6 61. f4 Nf7 62. Rb2 Rh8 63. Rb6+ Ke7 64. Nf5+ Kd7 65. Rb7+ Ke6 66. Nd4+ Kf6 67. Nf3 Nd6 68. Rb6 Ke7 69. Ra6 Nf5+ 70. Kg4 Ne3+ 71. Kg5 Nd5 72. Ne5 1-0

[Event "Kazan BRICS Games Rapid Team"]
[Site "Kazan"]
[Date "2024.06.20"]
[Round "3.7"]
[White "Lagno, Kateryna"]
[Black "Omonova, Umida"]
[Result "1/2-1/2"]
[WhiteElo "2532"]
[BlackElo "2102"]
[PlyCount "66"]
[EventDate "2024.06.20"]
[EventType "team-swiss (rapid)"]
[EventRounds "9"]
[EventCountry "RUS"]
[SourceTitle "CBM 220 Extra"]
[Source "ChessBase"]
[SourceDate "2024.07.31"]
[SourceVersion "1"]
[SourceVersionDate "2024.07.31"]
[SourceQuality "1"]
[WhiteTeam "Russia"]
[BlackTeam "Uzbekistan"]
[WhiteTeamCountry "RUS"]
[BlackTeamCountry "UZB"]

1. e4 c5 2. Nf3 e6 3. d4 cxd4 4. Nxd4 a6 5. Nc3 Qc7 6. Bd3 Nf6 7. Qe2 d6 8. g4 h6 9. Rg1 Nbd7 10. h4 Ne5 11. g5 hxg5 12. Bxg5 b5 13. a3 Bb7 14. 0-0-0 Nfd7 15. Kb1 Nxd3 16. cxd3 Rc8 17. Rc1 Qb6 18. Be3 Qd8 19. h5 Nf6 20. Bg5 Be7 21. Rh1 Nxe4 22. Nxe4 Bxg5 23. Nxe6 Rxc1+ 24. Rxc1 fxe6 25. Nxg5 Qxg5 26. Qxe6+ Qe7 27. Qxe7+ Kxe7 28. Rc7+ Kf6 29. Rxb7 Rxh5 30. Rb6 Rd5 31. Kc2 a5 32. Kd2 Ke6 33. Ke3 Ke5 1/2-1/2